Normal view
MARC view
Entry Personal Name
001 - CONTROL NUMBER
- control field: 20672
003 - CONTROL NUMBER IDENTIFIER
- control field: OSt
005 - DATE AND TIME OF LATEST TRANSACTION
- control field: 20220616151634.0
008 - FIXED-LENGTH DATA ELEMENTS
- fixed length control field: 220616|| aca||aabn | a|a d
040 ## - CATALOGING SOURCE
- Original cataloging agency: OSt
- Transcribing agency: OSt
100 ## - HEADING--PERSONAL NAME
- Personal name: Niemann, Christoph
- Relator term: Illustrator.
670 ## - SOURCE DATA FOUND
- Source citation: Work cat.: (OSt): Coelho, Paulo. 20669, The archer /, 2020.